000 00352nam a2200145Ia 4500
008 150201s2012 xx 000 0 und d
082 _a610.7462
_bA12B
100 _aBHAT, SWARNA ,REKHA
245 _aACHAR'S TB. OF PEDIATRICS
250 _a4TH
260 _bUNIVERSITIES PRESS
_aHYD
_c2012
300 _a680
650 _aPEDIATRICS
942 _2ddc
_cBK
999 _c2174
_d2174